00467nam a2200145Ia 4500003000900000008004100009040001600050080001700066100002600083245009700109260003900206300001400245650004100259650002100300IN-BaIIA211028s9999 xx 000 0 eng d cIIA Library a517.944bKEL aKellogg, Oliver Dimon 0aFoundations of potential theorycOliver Dimon Kellogg  aNew YorkbDover Publicationsc1953 aix, 384p. aAstronomy and Astrophysics Thesaurus aPotential Theory